[Event "AUT-chT 2122"]
[Site "Austria"]
[Date "2022.04.22"]
[Round "10.6"]
[White "Steiner, Adam"]
[Black "Boensch, Uwe"]
[Result "0-1"]
[WhiteElo "2226"]
[BlackElo "2499"]
[PlyCount "150"]
[EventDate "2021.11.04"]
[EventType "team-tourn"]
[EventRounds "11"]
[EventCountry "AUT"]
[SourceTitle "EXT 2023"]
[Source "ChessBase"]
[SourceDate "2022.10.05"]
[SourceVersion "1"]
[SourceVersionDate "2022.10.05"]
[SourceQuality "1"]
[WhiteTeam "Wien Ottakring"]
[BlackTeam "Jenbach"]
[WhiteTeamCountry "AUT"]
[BlackTeamCountry "AUT"]

1. e4 c5 2. Nf3 Nc6 3. Bc4 e6 4. 0-0 Nf6 5. Re1 d6 6. Bb5 Bd7 7. c3 Be7 8. d4 0-0 9. a4 a6 10. Bd3 cxd4 11. cxd4 Nb4 12. Bf1 d5 13. e5 Ne4 14. Nc3 Rc8 15. Qb3 Qa5 16. Nd2 Rfd8 17. Ndxe4 dxe4 18. Be3 Bc6 19. Rec1 Nd5 20. Qd1 Nxe3 21. fxe3 Bg5 22. Qe1 Kh8 23. Qg3 Bh6 24. Be2 Rf8 25. Rf1 Qb4 26. Rab1 Bxa4 27. Nxe4 Bc2 28. Nd6 Bxb1 29. Nxc8 Rxc8 30. Rxb1 Qd2 31. Bf1 Qxe3+ 32. Kh1 Qxg3 33. hxg3 Rc1 34. Rxc1 Bxc1 35. b3 Bb2 36. d5 exd5 37. Be2 Bxe5 38. Bf3 d4 39. Bxb7 a5 40. g4 d3 41. Kg1 d2 42. Bf3 g6 43. Kf2 Kg7 44. Ke3 Bc3 45. Ke4 Kf6 46. Kf4 Ke6 47. Ke4 Kd6 48. Kd3 Bb4 49. Kd4 Ke6 50. Ke4 Kf6 51. Kf4 Bf8 52. Ke3 Bh6+ 53. Kd3 Bf4 54. g3 Bxg3 55. Kxd2 Kg5 56. Ke3 f5 57. gxf5 Kxf5 58. Be4+ Kg5 59. Kf3 Bd6 60. Bd5 Kf5 61. Be4+ Kf6 62. Kg4 h5+ 63. Kh4 Bb4 64. Bf3 Be1+ 65. Kh3 Kg5 66. Bc6 Kh6 67. Bd7 g5 68. Bc8 g4+ 69. Kg2 Kg5 70. Kf1 Bb4 71. Kg2 h4 72. Bb7 h3+ 73. Kh1 g3 74. Bd5 Kf4 75. Be6 Ke5 0-1

[Event "AUT-chT2O 2122"]
[Site "Austria"]
[Date "2022.04.02"]
[Round "10.2"]
[White "Hechl, Gerald"]
[Black "Steiner, Adam"]
[Result "0-1"]
[WhiteElo "2229"]
[BlackElo "2234"]
[PlyCount "68"]
[EventDate "2021.10.16"]
[EventType "team-tourn"]
[EventRounds "11"]
[EventCountry "AUT"]
[SourceTitle "EXT 2023"]
[Source "ChessBase"]
[SourceDate "2022.10.05"]
[SourceVersion "1"]
[SourceVersionDate "2022.10.05"]
[SourceQuality "1"]
[WhiteTeam "Pressbaum"]
[BlackTeam "Ottakring"]
[WhiteTeamCountry "AUT"]
[BlackTeamCountry "AUT"]

1. b3 e5 2. Bb2 Nc6 3. c4 Nf6 4. e3 Be7 5. Nf3 e4 6. Nd4 d6 7. Nxc6 bxc6 8. Qc2 0-0 9. Nc3 Bf5 10. Ne2 Qd7 11. h3 h6 12. g4 Bh7 13. Rg1 c5 14. g5 hxg5 15. Rxg5 Ne8 16. Rg1 c6 17. Nf4 d5 18. 0-0-0 Bf6 19. Bxf6 Nxf6 20. Qb2 d4 21. d3 Rfd8 22. dxe4 Bxe4 23. Bg2 Qf5 24. Bxe4 Nxe4 25. h4 a5 26. Qc2 dxe3 27. fxe3 Qe5 28. Qb2 Nc3 29. Rde1 a4 30. Rg5 Nxa2+ 31. Kb1 Qxb2+ 32. Kxb2 Rd2+ 33. Kb1 axb3 34. Rc1 Nxc1 0-1

[Event "AUT-ch Blitz"]
[Site "Graz"]
[Date "2021.06.06"]
[Round "3"]
[White "Steiner, Adam"]
[Black "Schwabeneder, Florian"]
[Result "1-0"]
[WhiteElo "2234"]
[BlackElo "2438"]
[PlyCount "95"]
[EventDate "2021.06.06"]
[EventType "swiss (blitz)"]
[EventRounds "11"]
[EventCountry "AUT"]
[SourceTitle "CBM 202 Extra"]
[Source "ChessBase"]
[SourceDate "2021.07.31"]
[SourceVersion "1"]
[SourceVersionDate "2021.07.31"]
[SourceQuality "1"]

1. e4 c5 2. Nf3 d6 3. d4 cxd4 4. Nxd4 Nf6 5. Nc3 Nc6 6. Be3 Ng4 7. Bb5 Nxe3 8. Nxc6 bxc6 9. Bxc6+ Bd7 10. Bxd7+ Qxd7 11. fxe3 e6 12. Qd4 Rb8 13. 0-0-0 Qb7 14. Qa4+ Qd7 15. Qxd7+ Kxd7 16. e5 Kc7 17. exd6+ Bxd6 18. Rd3 Rhd8 19. g3 Be5 20. Rhd1 Rxd3 21. Rxd3 f5 22. Na4 Bd6 23. b3 g5 24. c4 g4 25. Nc3 a6 26. Kc2 h5 27. Ne2 h4 28. Kb2 Be5+ 29. Kc2 hxg3 30. hxg3 Rh8 31. Nf4 Rh2+ 32. Rd2 Rh6 33. b4 Bd6 34. c5 Bf8 35. Kb3 Bg7 36. Kc4 Bf8 37. a4 e5 38. Nd5+ Kb7 39. b5 axb5+ 40. axb5 Rh1 41. c6+ Kc8 42. Rc2 Rb1 43. b6 Bd6 44. b7+ Kb8 45. Rc3 Rb2 46. Nf6 Rb6 47. Kd5 Bc7 48. Nd7+ 1-0

[Event "AUT-ch Rapid"]
[Site "Graz"]
[Date "2021.06.05"]
[Round "9"]
[White "Steiner, Adam"]
[Black "Leisch, Lukas"]
[Result "0-1"]
[WhiteElo "2234"]
[BlackElo "2401"]
[PlyCount "78"]
[EventDate "2021.06.04"]
[EventType "swiss (rapid)"]
[EventRounds "9"]
[EventCountry "AUT"]
[SourceTitle "CBM 202 Extra"]
[Source "ChessBase"]
[SourceDate "2021.07.31"]
[SourceVersion "1"]
[SourceVersionDate "2021.07.31"]
[SourceQuality "1"]

1. e4 e6 2. d4 d5 3. exd5 exd5 4. Nf3 Nf6 5. Bd3 c5 6. 0-0 c4 7. Re1+ Be7 8. Bf1 0-0 9. b3 cxb3 10. axb3 Nc6 11. c3 h6 12. Bf4 Bf5 13. Bd3 Bxd3 14. Qxd3 Qb6 15. Nbd2 Rfe8 16. Ne5 Nd8 17. Qh3 Ne6 18. Be3 Rac8 19. Rac1 Bf8 20. Qf5 Qd8 21. Ndf3 b5 22. h4 Rc7 23. g4 Ne4 24. g5 g6 25. Nxg6 fxg6 26. Qxg6+ Rg7 27. Qxh6 Rxg5+ 28. Bxg5 Bxh6 29. Bxd8 Bxc1 30. Rxc1 Rxd8 31. c4 dxc4 32. bxc4 b4 33. d5 N6c5 34. Nd4 a5 35. Nc6 Ra8 36. Kf1 b3 37. Rd1 b2 38. d6 b1Q 39. Rxb1 Nd2+ 0-1

[Event "AUT-chT 2021"]
[Site "Austria"]
[Date "2021.03.12"]
[Round "5.1"]
[White "Steiner, Adam"]
[Black "Deglmann, Ludwig"]
[Result "1-0"]
[WhiteElo "2229"]
[BlackElo "2263"]
[PlyCount "67"]
[EventDate "2021.01.22"]
[EventType "team-tourn"]
[EventRounds "7"]
[EventCountry "AUT"]
[SourceTitle "EXT 2022"]
[Source "ChessBase"]
[SourceDate "2021.10.06"]
[SourceVersion "1"]
[SourceVersionDate "2021.10.06"]
[SourceQuality "1"]
[WhiteTeam "Wien Ottakring"]
[BlackTeam "Absam"]
[WhiteTeamCountry "AUT"]
[BlackTeamCountry "AUT"]

1. d4 Nf6 2. Bf4 g6 3. Nc3 d5 4. e3 Bg7 5. h4 0-0 6. h5 c5 7. hxg6 fxg6 8. Qd2 Nc6 9. Nf3 Bg4 10. Ne5 cxd4 11. exd4 Qb6 12. f3 Be6 13. 0-0-0 Rfc8 14. Na4 Qb4 15. Nxc6 Qxd2+ 16. Rxd2 Rxc6 17. Bb5 Rcc8 18. Nc5 Bf7 19. Re2 a6 20. Bd3 b6 21. Nxa6 Bf8 22. a3 Ra7 23. Kd2 Nh5 24. Ke3 Nxf4 25. Kxf4 h5 26. g4 Bh6+ 27. g5 Bf8 28. Kg3 Kg7 29. Nb4 e6 30. f4 Bd6 31. c3 Rac7 32. Bb1 Rxc3+ 33. bxc3 Rxc3+ 34. Nd3 1-0

[Event "AUT-chT 2021"]
[Site "Austria"]
[Date "2021.01.24"]
[Round "4.2"]
[White "Steiner, Adam"]
[Black "Rozman, Monika"]
[Result "1/2-1/2"]
[WhiteElo "2229"]
[BlackElo "2159"]
[PlyCount "80"]
[EventDate "2021.01.22"]
[EventType "team-tourn"]
[EventRounds "7"]
[EventCountry "AUT"]
[SourceTitle "CBM 200 Extra"]
[Source "ChessBase"]
[SourceDate "2021.03.31"]
[SourceVersion "1"]
[SourceVersionDate "2021.03.31"]
[SourceQuality "1"]
[WhiteTeam "Wien Ottakring"]
[BlackTeam "Raika Feffernitz"]
[WhiteTeamCountry "AUT"]
[BlackTeamCountry "AUT"]

1. d4 d5 2. Bf4 Nf6 3. e3 e6 4. Nd2 Bd6 5. Bg3 b6 6. Ngf3 0-0 7. Bd3 Ba6 8. Qe2 Bxd3 9. Qxd3 c5 10. e4 Bxg3 11. hxg3 Nc6 12. e5 Nb4 13. Qb3 Ne4 14. a3 Nxd2 15. Kxd2 Nc6 16. Qd3 h6 17. g4 Nxd4 18. Nxd4 cxd4 19. f4 f5 20. g3 Qe8 21. Rh4 Rc8 22. Rah1 Rc4 23. Rh5 Qg6 24. g5 Rfc8 25. gxh6 Rxc2+ 26. Qxc2 Rxc2+ 27. Kxc2 d3+ 28. Kb1 d2 29. h7+ Kh8 30. Rg5 Qh6 31. Rd1 Qh2 32. Kc2 Qe2 33. Rxd2 Qe4+ 34. Kc1 Kxh7 35. b3 d4 36. Rc2 d3 37. Rc7 Qe1+ 38. Kb2 Qd2+ 39. Kb1 Qd1+ 40. Kb2 Qd2+ 1/2-1/2

[Event "AUT-ch Zwisch Internet"]
[Site "Playchess.com INT"]
[Date "2020.05.02"]
[Round "4"]
[White "Steiner, Adam"]
[Black "Hofer, Maximilian"]
[Result "1/2-1/2"]
[WhiteElo "2251"]
[BlackElo "2108"]
[PlyCount "134"]
[EventDate "2020.05.02"]
[EventType "swiss (blitz)"]
[EventRounds "13"]
[EventCountry "AUT"]
[SourceTitle "CBM 195 Extra"]
[Source "ChessBase"]
[SourceDate "2020.05.31"]
[SourceVersion "1"]
[SourceVersionDate "2020.05.31"]
[SourceQuality "1"]

1. c4 Nf6 2. g3 g6 3. Bg2 Bg7 4. Nc3 0-0 5. h4 d6 6. h5 Nxh5 7. e4 Nf6 8. d3 Re8 9. Bh6 Bh8 10. Qd2 c5 11. Nh3 Nc6 12. Ng5 Ne5 13. f3 e6 14. 0-0-0 Rb8 15. Rh2 d5 16. Rdh1 dxc4 17. dxc4 Qxd2+ 18. Kxd2 Nxc4+ 19. Kc1 b5 20. Nh3 Nh5 21. Bf4 Nxf4 22. Nxf4 h5 23. g4 Be5 24. Nxh5 gxh5 25. Rxh5 Bg7 26. e5 Nxe5 27. Ne4 Ng6 28. g5 Bb7 29. Nf6+ Bxf6 30. gxf6 Rbd8 31. Rh7 Rd3 32. Rg7+ Kf8 33. Rhh7 Re7 34. Bh3 Red7 35. Bxe6 Rd1+ 36. Kc2 R7d2+ 37. Kc3 b4+ 38. Kc4 Bd5+ 39. Kxc5 Rc1+ 40. Kxb4 Bxe6 41. f4 Rd4+ 42. Ka3 Rxf4 43. Rh5 Rxf6 44. Rgh7 Ke7 45. Ra5 Rf3+ 46. b3 Rc2 47. Rxa7+ Kf6 48. Rh1 Rff2 49. Kb4 Rxa2 50. Rc7 Rad2 51. Rc3 Rf4+ 52. Kc5 Rd5+ 53. Kc6 Ne5+ 54. Kb7 Rb4+ 55. Kc7 Ke7 56. Re1 Rd7+ 57. Kc8 Ng6 58. Rc7 Rxc7+ 59. Kxc7 f5 60. Re3 Rxb3 61. Re2 f4 62. Kc6 f3 63. Rf2 Ne5+ 64. Kc7 Ng4 65. Rf1 f2 66. Rd1 Ne3 67. Rd7+ Bxd7 1/2-1/2

[Event "AUT-ch Vor4 Internet"]
[Site "Playchess.com INT"]
[Date "2020.04.25"]
[Round "7"]
[White "Sadilek, Peter"]
[Black "Steiner, Adam"]
[Result "1-0"]
[WhiteElo "2340"]
[BlackElo "2251"]
[PlyCount "97"]
[EventDate "2020.04.25"]
[EventType "swiss (blitz)"]
[EventRounds "9"]
[EventCountry "AUT"]
[SourceTitle "EXT 2021"]
[Source "ChessBase"]
[SourceDate "2020.10.23"]
[SourceVersion "1"]
[SourceVersionDate "2020.10.23"]
[SourceQuality "1"]

1. d4 Nf6 2. Nf3 c5 3. d5 b5 4. e4 Nxe4 5. Nc3 Nxc3 6. bxc3 a6 7. a4 Bb7 8. c4 b4 9. Bd3 d6 10. 0-0 Nd7 11. Ng5 Nf6 12. Bb2 Qd7 13. Qf3 h6 14. Bf5 Qc7 15. Bxf6 hxg5 16. Bxg5 g6 17. Bh3 Bc8 18. Bxc8 Qxc8 19. Rfe1 Ra7 20. a5 Bg7 21. Rad1 Qf5 22. Qe3 Bf6 23. Bf4 0-0 24. Rd3 Bd4 25. Rxd4 cxd4 26. Qxd4 Rc7 27. Bh6 f6 28. Bxf8 Kxf8 29. Qb6 Qc8 30. Qxb4 Rxc4 31. Qd2 Rxc2 32. Qh6+ Ke8 33. Qxg6+ Kd8 34. Qg8+ Kd7 35. Qe6+ Kc7 36. Qxe7+ Qd7 37. Qe3 Rc5 38. h4 Rxd5 39. Qa7+ Kd8 40. Qxa6 Rb5 41. Qa8+ Kc7 42. Qa7+ Kd8 43. Qa8+ Kc7 44. Rc1+ Rc5 45. Qa7+ Kc6 46. Qxd7+ Kxd7 47. Rxc5 dxc5 48. h5 Ke6 49. a6 1-0

[Event "AUT-ch Vor4 Internet"]
[Site "Playchess.com INT"]
[Date "2020.04.25"]
[Round "1"]
[White "Steiner, Adam"]
[Black "Goetz, Christoph"]
[Result "1-0"]
[WhiteElo "2251"]
[BlackElo "1768"]
[PlyCount "127"]
[EventDate "2020.04.25"]
[EventType "swiss (blitz)"]
[EventRounds "9"]
[EventCountry "AUT"]
[SourceTitle "EXT 2021"]
[Source "ChessBase"]
[SourceDate "2020.10.23"]
[SourceVersion "1"]
[SourceVersionDate "2020.10.23"]
[SourceQuality "1"]

1. c4 f5 2. Nc3 Nf6 3. d3 e6 4. g3 Bb4 5. Bd2 0-0 6. Bg2 d6 7. a3 Bxc3 8. Bxc3 e5 9. e3 Qe8 10. Nh3 c6 11. 0-0 d5 12. cxd5 cxd5 13. Qb3 Qd7 14. Bxe5 Nc6 15. Bxf6 Rxf6 16. Qxd5+ Kh8 17. Qxd7 Bxd7 18. Nf4 Rd8 19. d4 a6 20. h4 h6 21. h5 Be8 22. Rfc1 Rd7 23. Bxc6 bxc6 24. Rc5 Rb7 25. b4 Rb5 26. Rxb5 axb5 27. a4 bxa4 28. Rxa4 Kg8 29. Ra5 Kf8 30. Kf1 Ke7 31. Ra7+ Bd7 32. d5 Kd6 33. Ra5 Rf8 34. dxc6 Bxc6 35. Ke2 Rb8 36. Nd3 Be4 37. f3 Bxd3+ 38. Kxd3 Rxb4 39. Rxf5 Ke6 40. Rc5 Rb1 41. Rc4 Rd1+ 42. Ke4 Kf6 43. Kf4 Rd6 44. e4 Ra6 45. Rd4 Ke6 46. Kg4 Ra5 47. f4 Kf6 48. e5+ Ke6 49. Rd6+ Ke7 50. Kf5 Ra1 51. g4 Rg1 52. Rg6 Kf7 53. Ra6 Re1 54. Ra7+ Kg8 55. Kg6 Kf8 56. Ra8+ Ke7 57. Kxg7 Rf1 58. Ra7+ Ke6 59. Ra6+ Kd5 60. Rf6 Rg1 61. Rg6 Ke4 62. f5 Kxe5 63. Kxh6 Rf1 64. Kg5 1-0

[Event "AUT-ch Vor3 Internet"]
[Site "Playchess.com INT"]
[Date "2020.04.17"]
[Round "9"]
[White "Steiner, Adam"]
[Black "Ragger, Anna Christina"]
[Result "1-0"]
[WhiteElo "2251"]
[BlackElo "2204"]
[PlyCount "85"]
[EventDate "2020.04.17"]
[EventType "swiss (blitz)"]
[EventRounds "9"]
[EventCountry "AUT"]
[SourceTitle "CBM 195 Extra"]
[Source "ChessBase"]
[SourceDate "2020.05.31"]
[SourceVersion "1"]
[SourceVersionDate "2020.05.31"]
[SourceQuality "1"]

1. d4 d5 2. Bf4 Nf6 3. e3 c5 4. c3 Nc6 5. Nd2 cxd4 6. exd4 Bg4 7. Ngf3 e6 8. Qb3 Qc8 9. Ne5 Bh5 10. Bb5 Be7 11. Qa4 0-0 12. Nxc6 bxc6 13. Bxc6 Rb8 14. Bxb8 Qxb8 15. Qc2 Qb6 16. Ba4 Rc8 17. 0-0 Bg6 18. Qc1 h6 19. Nf3 Ne4 20. Bc2 Bd6 21. Re1 Qd8 22. Qd1 Rb8 23. Rb1 Qa5 24. a3 Qd8 25. Qe2 Qf6 26. Bd3 Kh8 27. c4 dxc4 28. Bxe4 Bh5 29. Qxc4 Qf4 30. g3 Qf6 31. Qd3 a5 32. Ne5 a4 33. Kg2 Rb3 34. Qc4 g6 35. Qxa4 Rb8 36. Qd7 Bxe5 37. dxe5 Qg7 38. Qd6 Rb3 39. a4 g5 40. a5 Qg8 41. a6 Bg6 42. Bxg6 Qxg6 43. Qc6 1-0

[Event "AUT-ch Vor3 Internet"]
[Site "Playchess.com INT"]
[Date "2020.04.17"]
[Round "4"]
[White "Steiner, Adam"]
[Black "Schroll, Gerhard"]
[Result "1-0"]
[WhiteElo "2251"]
[BlackElo "2321"]
[PlyCount "95"]
[EventDate "2020.04.17"]
[EventType "swiss (blitz)"]
[EventRounds "9"]
[EventCountry "AUT"]
[SourceTitle "CBM 195 Extra"]
[Source "ChessBase"]
[SourceDate "2020.05.31"]
[SourceVersion "1"]
[SourceVersionDate "2020.05.31"]
[SourceQuality "1"]

1. d4 d6 2. e4 e5 3. dxe5 dxe5 4. Qxd8+ Kxd8 5. Bc4 f6 6. Be3 Bb4+ 7. c3 Ba5 8. Nd2 Bb6 9. Ke2 Bxe3 10. Kxe3 Ke7 11. Rd1 Nc6 12. Nb3 Nh6 13. f3 b6 14. Ne2 Bb7 15. Rd2 Rac8 16. Rhd1 Rcd8 17. Bd5 a5 18. a4 Rd6 19. Ng3 Rhd8 20. Na1 g6 21. Nc2 f5 22. Nf1 f4+ 23. Kf2 g5 24. Na3 Kf6 25. Nb5 R6d7 26. Bxc6 Bxc6 27. Rxd7 Rxd7 28. Rxd7 Bxd7 29. Nxc7 Bxa4 30. Nd5+ Ke6 31. Nxb6 Bb3 32. Nd2 Bd1 33. Ke1 Bc2 34. Ndc4 a4 35. Kd2 Bb3 36. Na5 g4 37. Nxb3 axb3 38. Nc4 gxf3 39. gxf3 Nf7 40. Na5 Ng5 41. Ke2 Nh3 42. Nxb3 Ng1+ 43. Kf2 Nh3+ 44. Kg2 Ng5 45. Nc5+ Kd6 46. Nd3 Ne6 47. b4 Nc7 48. c4 1-0

[Event "AUT-ch Vor2 Internet"]
[Site "Playchess.com INT"]
[Date "2020.04.13"]
[Round "1"]
[White "Steiner, Adam"]
[Black "Bauer, Sebastian"]
[Result "0-1"]
[WhiteElo "2251"]
[BlackElo "2237"]
[PlyCount "94"]
[EventDate "2020.04.13"]
[EventType "swiss (blitz)"]
[EventRounds "9"]
[EventCountry "AUT"]
[SourceTitle "CBM 195 Extra"]
[Source "ChessBase"]
[SourceDate "2020.05.31"]
[SourceVersion "1"]
[SourceVersionDate "2020.05.31"]
[SourceQuality "1"]

1. e4 e5 2. f4 d6 3. Nf3 Nc6 4. Nc3 g6 5. Bc4 Bg7 6. Ng5 Nh6 7. 0-0 exf4 8. d4 Qxg5 9. Bxf4 Qg4 10. Qd2 Ng8 11. Bxf7+ Kxf7 12. e5 Bf5 13. h3 Qh4 14. Bg5 Bh6 15. e6+ Kg7 16. Bxh4 Bxd2 17. d5 Bxc3 18. bxc3 Ne5 19. g4 Be4 20. Rae1 Nf3+ 21. Rxf3 Bxf3 22. Rf1 g5 23. Bxg5 Bxd5 24. e7 h6 25. Bh4 Re8 26. Rf5 Be6 27. Rf4 Nxe7 28. Bf6+ Kg6 29. Bxh8 Rxh8 30. Re4 Kf7 31. Kf2 Ng6 32. Kg3 Bd5 33. Re2 Ne5 34. Rf2+ Kg7 35. h4 Rf8 36. Rd2 Rf3+ 37. Kh2 Nxg4+ 38. Kg1 Bc6 39. h5 Rxc3 40. Kf1 Kf6 41. a4 Rc5 42. Rd4 Kg5 43. a5 Rxc2 44. a6 bxa6 45. Kg1 a5 46. Rd3 Rc1+ 47. Rd1 Rxd1# 0-1

[Event "Donau op 28th"]
[Site "Aschach"]
[Date "2019.12.31"]
[Round "7"]
[White "Steiner, Adam"]
[Black "Mazur, Stefan"]
[Result "0-1"]
[WhiteElo "2230"]
[BlackElo "2444"]
[PlyCount "50"]
[EventDate "2019.12.26"]
[EventType "swiss"]
[EventRounds "7"]
[EventCountry "AUT"]
[SourceTitle "CBM 194 Extra"]
[Source "ChessBase"]
[SourceDate "2020.03.31"]
[SourceVersion "1"]
[SourceVersionDate "2020.03.31"]
[SourceQuality "1"]

1. d4 Nf6 2. Bf4 d6 3. Nc3 Nbd7 4. Nf3 c5 5. d5 h6 6. h4 g6 7. e4 Bg7 8. Qd2 Qa5 9. Rb1 a6 10. a4 Qb4 11. Bd3 Nb6 12. 0-0 c4 13. a5 cxd3 14. axb6 Nxe4 15. Nxe4 Qxe4 16. Bxd6 Qxd5 17. Ba3 Bf5 18. cxd3 Qxd3 19. Qb4 Bf6 20. Rbd1 Qe4 21. Nd4 a5 22. Qc5 Rc8 23. Qb5+ Bd7 24. Qxa5 Bxd4 25. Qd2 Bc6 0-1

[Event "Donau op 28th"]
[Site "Aschach"]
[Date "2019.12.28"]
[Round "4"]
[White "Steiner, Adam"]
[Black "Baumegger, Siegfried"]
[Result "1-0"]
[WhiteElo "2230"]
[BlackElo "2432"]
[PlyCount "85"]
[EventDate "2019.12.26"]
[EventType "swiss"]
[EventRounds "7"]
[EventCountry "AUT"]
[SourceTitle "CBM 194 Extra"]
[Source "ChessBase"]
[SourceDate "2020.03.31"]
[SourceVersion "1"]
[SourceVersionDate "2020.03.31"]
[SourceQuality "1"]

1. d4 e6 2. Bf4 Nf6 3. e3 b6 4. Qf3 d5 5. Nc3 Bb4 6. Nge2 Ba6 7. a3 Bxc3+ 8. Nxc3 Bxf1 9. Kxf1 0-0 10. g4 c5 11. g5 Ne8 12. h4 cxd4 13. exd4 Nc6 14. Ne2 Nd6 15. c3 Ne4 16. Ng3 f5 17. Kg2 Qd7 18. Qe2 Na5 19. Rhe1 Rfe8 20. Nh1 Rac8 21. f3 Nd6 22. Nf2 Nf7 23. Nd3 Qb5 24. Nb4 Qd7 25. Qc2 h5 26. gxh6 gxh6 27. Kh3 Kh7 28. Nd3 Rg8 29. Rg1 Nc6 30. Qf2 Qe7 31. Qe3 Qf6 32. Rae1 Rxg1 33. Rxg1 Rg8 34. Rxg8 Kxg8 35. Bh2 Ne7 36. Be5 Nxe5 37. Nxe5 Kh7 38. Nd7 Qf7 39. Qxe6 Kg7 40. Qe5+ Kh7 41. Nf6+ Kg6 42. h5+ Kg7 43. Nxd5+ 1-0

[Event "AUT-chT2O 1819"]
[Site "Austria"]
[Date "2018.12.01"]
[Round "5.6"]
[White "Steiner, Adam"]
[Black "Groetz, Harald"]
[Result "0-1"]
[WhiteElo "2219"]
[BlackElo "2339"]
[PlyCount "86"]
[EventDate "2018.10.06"]
[EventType "team-tourn"]
[EventRounds "11"]
[EventCountry "AUT"]
[SourceTitle "CBM 187 Extra"]
[Source "ChessBase"]
[SourceDate "2018.11.04"]
[SourceVersion "1"]
[SourceVersionDate "2018.11.04"]
[SourceQuality "1"]
[WhiteTeam "Wien Ottakring"]
[BlackTeam "Mistelbach/Altlichtenwarth"]
[WhiteTeamCountry "AUT"]
[BlackTeamCountry "AUT"]

1. e4 c5 2. c3 Nf6 3. e5 Nd5 4. Nf3 e6 5. d4 cxd4 6. cxd4 d6 7. Bc4 Nb6 8. Bd3 dxe5 9. dxe5 Nc6 10. 0-0 Nb4 11. Be4 Qxd1 12. Rxd1 N4d5 13. Nc3 Nxc3 14. bxc3 Na4 15. Bg5 Be7 16. Rac1 Nc5 17. Bxe7 Kxe7 18. Bc2 Bd7 19. Rd6 Rac8 20. Kf1 Rc7 21. Nd4 Rhc8 22. c4 Be8 23. Rd1 Nd7 24. f4 Rxc4 25. Rd2 g6 26. Ke2 Nc5 27. g3 Rb4 28. Nf3 Bb5+ 29. Kd1 Bc6 30. Ng5 h6 31. Nh7 Nd7 32. Bb3 Rh8 33. Nf6 Nxf6 34. exf6+ Kxf6 35. Kc2 Rc8 36. Kb2 a5 37. Ka3 Re4 38. Bc2 Re3+ 39. Kb2 b5 40. R6d3 Rxd3 41. Bxd3 Rd8 42. Kc2 b4 43. Re2 Rxd3 0-1